000 00774nam a2200277Ia 4500
001 16464
003 GE_BSU
008 181216s||||||||xx |||||||||||||| ||und||
020 _a9782706122477
040 _cGE_BSU
080 _a811.133.1+61
100 _aFassier, Thomas, , Solange Talavera-Goy
245 _aLe Français des médecins
245 _b40 vidéos pour communiquer a l'hopital
260 _aParis
260 _bPresses universitaires de Grenoble
260 _c2014
300 _a333p;25cm
300 _b+1DVD
541 _h96gel.
653 _aLe Français des médecins
653 _aმედიცინა
653 _aსაფრანგეთის ექიმები
653 _aფრანგული ენა
942 _cBK
999 _c49535
_d49535